| 000 | 00519nam a2200193Ia 4500 | ||
|---|---|---|---|
| 005 | 20260429112049.0 | ||
| 008 | 260429s9999||||xx |||||||||||||| ||und|| | ||
| 020 | _a9781835357651 | ||
| 041 | _aEnglish | ||
| 082 |
_a150.19 _bJOH |
||
| 100 | _aJohnson, Reuben | ||
| 245 | 0 |
_aElements in behavioural psychology / _cReuben Johnson |
|
| 250 | _a1st ed. | ||
| 260 |
_aLondon : _bETP ED- Tech Press, _c2025. |
||
| 300 | _ax, 270 p.; hb | ||
| 650 | _a Human behavior | ||
| 650 | _aBehavioral psychology | ||
| 942 | _cTB | ||
| 999 |
_c52156 _d52156 |
||